|
|
|
|
| LEADER |
00000nam0a2200000 4500 |
| 001 |
184551 |
| 005 |
20231101223844.0 |
| 035 |
|
|
|a (RuTPU)RU\TPU\book\200142
|
| 090 |
|
|
|a 184551
|
| 100 |
|
|
|a 20100913d1903 k y0rusy50 ca
|
| 101 |
1 |
|
|a rus
|c ger
|
| 102 |
|
|
|a LV
|
| 105 |
|
|
|a a z 001zy
|
| 200 |
1 |
|
|a Восемь лекций по физичской химии
|e с 9 рисунками в тексте
|e пер. с нем.
|f J. H. Hoff ( Якоб Хендрик Вант Хофф)
|g пер. Е. Браудо ; под ред. П. Вальдена
|
| 210 |
|
|
|a Рига
|c Издание книжного магазина Г. Леффлера
|c Типография А. фон Гротус
|d 1903
|
| 215 |
|
|
|a 87 с.
|c ил.
|
| 300 |
|
|
|a Прочитаны по приглашению университета Чикаго с разрешения автора.
|
| 318 |
|
|
|5 63413507
|a Жизненная соната Стромберга
|b выставка
|
| 320 |
|
|
|a Библиогр. в примеч.
|
| 606 |
1 |
|
|a Физическая химия
|2 stltpush
|3 (RuTPU)RU\TPU\subj\67669
|9 83390
|
| 610 |
1 |
|
|a применение
|
| 610 |
1 |
|
|a промышленность
|
| 610 |
1 |
|
|a техника
|
| 610 |
1 |
|
|a физиология
|
| 610 |
1 |
|
|a геология
|
| 675 |
|
|
|a 544
|v 3
|
| 700 |
|
1 |
|a Вант Гофф (Вант Хофф)
|b Я. Х. (Г.)
|c нидерландский химик
|c иностранный член-корреспондент Петербургской АН
|c Нобелевский лауреат
|f 1852-1911
|g Якоб Хендрик (Генрик)
|2 stltpush
|3 (RuTPU)RU\TPU\pers\7139
|9 1326
|
| 702 |
|
1 |
|a Браудо
|b Е.
|4 730
|
| 702 |
|
1 |
|a Вальден
|b П.
|4 340
|
| 801 |
|
1 |
|a RU
|b 63413507
|c 20100913
|
| 801 |
|
2 |
|a RU
|b 63413507
|c 20210417
|g RCR
|
| 942 |
|
|
|c BK
|